Library of the University of Algiers 3
Ibrahim Sultan Cheibout
شعار جامعة الجزائر 3
مكتبة جامعة الجزائر 3
إبراهيم سلطان شيبوط

القرآن والاقتصاد السياسي / (رقم التسجيلة. 42896)

تفاصيل مارك
000 -LEADER
fixed length control field 00949nam a2200205Ia 4500
003 - CONTROL NUMBER IDENTIFIER
control field Ost
005 - DATE AND TIME OF LATEST TRANSACTION
control field 20260507075110.0
008 - FIXED-LENGTH DATA ELEMENTS--GENERAL INFORMATION
fixed length control field 260507s9999||||xx |||||||||||||| ||und||
040 ## - CATALOGING SOURCE
Transcribing agency fsecg
041 ## - LANGUAGE CODE
Language code of text/sound track or separate title ara
082 ## - DEWEY DECIMAL CLASSIFICATION NUMBER
Classification number 330
100 ## - MAIN ENTRY--PERSONAL NAME
Personal name سلمان، غانم محمد
Relator term مؤلف
245 #0 - TITLE STATEMENT
Title القرآن والاقتصاد السياسي /
Statement of responsibility, etc. غانم محمد سلمان
260 ## - PUBLICATION, DISTRIBUTION, ETC.
Place of publication, distribution, etc. بيروت:
Name of publisher, distributor, etc. دار الفارابي,
Date of publication, distribution, etc. 1999
300 ## - PHYSICAL DESCRIPTION
Extent 344 صفحة؛
Dimensions 21 سم
520 ## - SUMMARY, ETC.
Summary, etc. الكتاب محاولة لنشر الفكر التقدمي والعلمي المتجدد دائماً وأبداً في القرآن الكريم، وهو دعوة عامة ومناشدة لغيرنا للمساهمة في تطور الفكر الديني المعاصر، والانطلاق مع القرآن الكريم نحو آفاق المستقبل.
653 ## - INDEX TERM--UNCONTROLLED
Uncontrolled term الاقتصاد السياسي
653 ## - INDEX TERM--UNCONTROLLED
Uncontrolled term القرأن
942 ## - ADDED ENTRY ELEMENTS (KOHA)
Koha item type كتب
المقتنيات
Withdrawn status Lost status Source of classification or shelving scheme Damaged status Not for loan Home library Current library Date acquired Serial enumeration / chronology Inventory number Total checkouts Full call number Barcode Date last seen Price effective from Koha item type
    Dewey Decimal Classification   NOT LOAN / إعارة داخلية مكتبة كلية العلوم الإقتصادية والعلوم التجارية وعلوم التسيير مكتبة كلية العلوم الإقتصادية والعلوم التجارية وعلوم التسيير 07/05/2026 الطابق الأرضي 1499/1   أ/1499ن1 1499/1 07/05/2026 07/05/2026 كتب

موارد الويب المفتوحة


© University of Algiers 3 All Rights Reserved
|
Implemented by LECHELAH Riad